Biblioteca y Centro de Documentación

Dictamen 1-2014, sobre el Anteproyecto de Ley por el que se modifica la Ley general de la Seguridad Social en relación con el régimen jurídico de las mutuas de accidentes de trabajo y enfermedades profesionales de la Seguridad Social (Registro nro. 44483)

Detalles MARC
000 -CABECERA
Longitud fija campo de control 02080nam a2200361 i 4500
001 - NÚMERO DE CONTROL
Número de control 44483
003 - IDENTIFICADOR DE NÚMERO DE CONTROL
Identificador del número de control ES-MaCES
005 - FECHA Y HORA DE LA ÚLTIMA TRANSACCIÓN
Fecha y hora de la última transacción 20210802144350.0
007 - PHYSICAL DESCRIPTION FIXED FIELD--GENERAL INFORMAT
Campo fijo de descripción física cr |||||||||||
008 - CAMPO FIJO DE DESCRIPCIÓN FIJA--INFORMACIÓN GENERAL
Códigos de información de longitud fija   000000s2014 sp |||||||||||00||0 spa|d
040 ## - FUENTE DE CATALOGACIÓN
Centro catalogador de origen ES-MaCES
Lengua de catalogación spa
Centro transcriptor ES-MaCES
245 00 - MENCIÓN DE TÍTULO
Título Dictamen 1-2014, sobre el Anteproyecto de Ley por el que se modifica la Ley general de la Seguridad Social en relación con el régimen jurídico de las mutuas de accidentes de trabajo y enfermedades profesionales de la Seguridad Social
300 ## - DESCRIPCIÓN FÍSICA
Extensión 39 p. (234 kb)
500 ## - NOTA GENERAL
Nota general Sometida a votación la enmienda de supresión presentada por el Consejero D. Juan Iranzo, con la presencia de 59 Consejeros, el resultado es de 8 votos a favor y 51 votos en contra. La enmienda queda rechazada.<br/>Sometida a votación la enmienda transaccional presentada por los Consejeros expertos del Grupo Tercero D. José María Goerlich y Dª Ana Matorras junto con los Consejeros del Grupo Segundo, con la presencia de 59 Consejeros, el resultado es de 27 votos a favor, 30 votos en contra y 1 abstención. La enmienda transaccional queda rechazada.<br/>
593 ## - CES. DATOS DICTAMEN
Comisión de trabajo Relaciones Laborales, Empleo y Seguridad Social
Identificador D-001-2014
Fecha dictamen 20140122
Tipo trámite Ordinaria
Votos aprobados Presentes (58) : (46) sí, (6) no, (2) abst.
Tipo sesión Pleno ordinario
650 #4 - ASIENTO SECUNDARIO DE MATERIA--TÉRMINO DE MATERIA
Término de materia o nombre geográfico como elemento inicial seguridad social
9 (RLIN) 27034
650 #4 - ASIENTO SECUNDARIO DE MATERIA--TÉRMINO DE MATERIA
Término de materia o nombre geográfico como elemento inicial legislación de seguridad social
9 (RLIN) 29855
650 #4 - ASIENTO SECUNDARIO DE MATERIA--TÉRMINO DE MATERIA
Término de materia o nombre geográfico como elemento inicial reforma de la seguridad social
9 (RLIN) 30668
650 #4 - ASIENTO SECUNDARIO DE MATERIA--TÉRMINO DE MATERIA
Término de materia o nombre geográfico como elemento inicial mutualidad
9 (RLIN) 30256
650 #4 - ASIENTO SECUNDARIO DE MATERIA--TÉRMINO DE MATERIA
Término de materia o nombre geográfico como elemento inicial accidente de trabajo
9 (RLIN) 28345
650 #4 - ASIENTO SECUNDARIO DE MATERIA--TÉRMINO DE MATERIA
Término de materia o nombre geográfico como elemento inicial enfermedad profesional
9 (RLIN) 28346
650 #4 - ASIENTO SECUNDARIO DE MATERIA--TÉRMINO DE MATERIA
Término de materia o nombre geográfico como elemento inicial España
9 (RLIN) 26964
650 #4 - ASIENTO SECUNDARIO DE MATERIA--TÉRMINO DE MATERIA
Término de materia o nombre geográfico como elemento inicial régimen jurídico
9 (RLIN) 29894
653 10 - TÉRMINO DE INDEXACIÓN--NO CONTROLADO
Término no controlado Seguridad Social
700 1# - ENCABEZAMIENTO SECUNDARIO--NOMBRE PERSONAL
9 (RLIN) 11755
Nombre de persona Fernández Alen, Pedro C.
Término indicativo de función ponente
700 1# - ENCABEZAMIENTO SECUNDARIO--NOMBRE PERSONAL
9 (RLIN) 13524
Nombre de persona Goerlich Peset, José María
Término indicativo de función interviniente
700 1# - ENCABEZAMIENTO SECUNDARIO--NOMBRE PERSONAL
9 (RLIN) 18157
Nombre de persona Matorras Díaz-Caneja, Ana
Término indicativo de función interviniente
700 1# - ENCABEZAMIENTO SECUNDARIO--NOMBRE PERSONAL
9 (RLIN) 15211
Nombre de persona Iranzo Martín, Juan
Término indicativo de función interviniente
710 1# - ENCABEZAMIENTO SECUNDARIO--NOMBRE CORPORATIVO
9 (RLIN) 40055
Nombre de entidad o nombre de jurisdicción como elemento inicial España
Unidad subordinada Gobierno
Término indicativo de función solicitante
856 4# - ACCESO ELECTRÓNICO
Identificador Uniforme del Recurso (URI) <a href="http://www.ces.es/documents/DIC/2014/01">http://www.ces.es/documents/DIC/2014/01</a>
Texto del enlace texto completo
902 ## - CES. TIPO DE DOCUMENTO
Tipodoc (006$c Sirtex) Dictamen CES
942 ## - ELEMENTOS KOHA
Fuente de clasificaión o esquema Clasificación propia del CES
Koha [por defecto] tipo de item Dictámenes/Informes/Memorias CES
Parte de clasificación Seguridad social

No hay ítems disponibles.

© CES, Consejo Económico y Social de España 2021